00632nam a22002297a 4500003000500000005001700005008004100022010001000063011001000073035001000083040000900093082001700102110002200119245006800141260004400209300002000253650002800273650002800301650001400329650003100343650002800374CHAP20220817042706.0971013s1993 r 00010 d a52403 a53375 a57525 cCHAP a631.521bR43 aRedenbaugh, Keith aSynseedsb: applications of synthetic seeds to crop improvement aBoca Raton, Florida :bCRC Press,c1993 a481 p.b: ilus.14aCultivosxMejoramiento.14aPlantasxEmbriología.14aSemillas.14aSemillasxInvestigación.14aSemillasxMejoramiento.